Selected poems of Nirmalendu Goon / (Record no. 9814)
[ view plain ]
| 000 -LEADER | |
|---|---|
| fixed length control field | 00821nam a2200277 a 4500 |
| 001 - CONTROL NUMBER | |
| JCCL Control Number | 9814 |
| 003 - CONTROL NUMBER IDENTIFIER | |
| JCCL marc code | BD-JhCC |
| 005 - DATE AND TIME OF LATEST TRANSACTION | |
| control field | 20180401173822.0 |
| 008 - FIXED-LENGTH DATA ELEMENTS--GENERAL INFORMATION | |
| fixed length control field | 180401s2001 bg 000 0 eng d |
| 020 ## - INTERNATIONAL STANDARD BOOK NUMBER | |
| International Standard Book Number | 984074125x |
| 035 ## - SYSTEM CONTROL NUMBER | |
| system control number | (BD-JhCC)9814 |
| 040 ## - CATALOGING SOURCE | |
| Original cataloging agency | BD-JhCC |
| Transcribing agency | DLC |
| Modifying agency | BD-JhCC |
| 041 1# - LANGUAGE CODE | |
| Language code of Book | engben |
| 050 #4 - LIBRARY OF CONGRESS CALL NUMBER | |
| Classification number | MLCS 2001/00054 (P) |
| 050 #4 - LIBRARY OF CONGRESS CALL NUMBER | |
| Classification number | PK1730.22.O6 |
| 082 ## - DEWEY DECIMAL CLASSIFICATION NUMBER | |
| Classification number | 891.4415 |
| Author mark and Year | SEL 2001 |
| 100 1# - MAIN ENTRY--PERSONAL NAME | |
| Personal name | Guṇa, Nirmalendu. |
| 245 10 - TITLE STATEMENT | |
| Title | Selected poems of Nirmalendu Goon / |
| Statement of responsibility, etc | edited with an introduction by Khondakar Ashraf Hossain. |
| 260 ## - PUBLICATION, DISTRIBUTION, ETC. (IMPRINT) | |
| Place of publication, distribution, etc | Dhaka : |
| Name of publisher, distributor, etc | Bangla Academy, |
| Date of publication, distribution, etc | 2001. |
| 300 ## - PHYSICAL DESCRIPTION | |
| Pagination | 152 p ; |
| Dimensions | 22 cm. |
| 650 #0 - SUBJECT ADDED ENTRY--TOPICAL TERM | |
| Topical term or geographic name as entry element | Bengali poetry |
| Form subdivision | Translations into English. |
| 700 1# - ADDED ENTRY--PERSONAL NAME | |
| Personal name | Hosena, Khondakāra Āśarāpha |
| 710 2# - ADDED ENTRY--CORPORATE NAME | |
| Corporate name or jurisdiction name as entry element | Bāṃlā Ekāḍemī (Bangladesh) |
| 942 ## - ADDED ENTRY ELEMENTS (KOHA) | |
| Source of classification or shelving scheme | Dewey Decimal Classification |
| Koha item type | Books |
| Source of classification or shelving scheme | Damaged status | Not for loan | Home library | Current library | Shelving location | Date of accession | Cost, normal purchase price | Total Checkouts | Full call number | Barcode | Date last seen | Copy number | Koha item type |
|---|---|---|---|---|---|---|---|---|---|---|---|---|---|
| Dewey Decimal Classification | JCC Rouf Library | JCC Rouf Library | General Stacks | 04/01/2018 | 120.00 | 891.4415 SEL 2001 | 9115 | 04/01/2018 | C-1 | Books |